Statistics for Jeopardy #8449

Click here to take the quiz!

General Stats

  • This quiz has been taken 54 times
  • The average score is 14 of 59

Answer Stats

CategoryCashClueAnswer% Correct
AROUND THE WORLD$200Tuxtla Gutierrez is the capital city of Chiapas, the southernmost state in this nationMexico
83%
DOWN TO "RTH"$200It precedes Pole, Sea & StarNorth
79%
AROUND THE WORLD$600Where's the beef? One place is this city of 1.6 million on Osaka BayKobe
71%
DOWN TO "RTH"$400Once upon a time home was where this fireplace area was, providing heat & light at night, & fire for cookinga hearth
63%
IT'S A TRAP!$200These literary siblings find a house with "a roof made of cake, & the windows were made of clear sugar" but ... it's a trap!Hansel & Gretel
63%
IT'S A TRAP!$400Here's this perennial that has a special diet; it can close shop in about half a secondthe Venus flytrap
58%
AROUND THE WORLD$400These 2 largest islands in the Mediterranean Sea are both autonomous regions of ItalySicily & Sardinia
50%
HOWARD'S END$200In 2015 this radio host ended his time judging "America's Got Talent"Stern
50%
DOWN TO "RTH"$600Time to go to sleep on the train? Do you want the upper one or the lower one?a berth
46%
IT'S A TRAP!$1000The 2010 collapse of a gold & copper mine would end up trapping 33 workers for 69 days in this countryChile
46%
3 LETTERS, 2 SYLLABLES$800It can mean the self or conceitego
38%
DOWN TO "RTH"$800It's the distance around something, like a middle-aged waistgirth
38%
LIT BITS$200Emily Bronte paid 50 pounds to have this novel published in 1847Wuthering Heights
38%
EYE-DEOLOGY$800Floaters & reduced peripheral vision can indicate that this membrane has become detachedthe retina
33%
HOWARD'S END$800The very brief marriage of Henry VIII to this woman ended in 1542Catherine Howard
29%
AROUND THE WORLD$1000Dagestan is between the Caspian Sea on its east & this independence-seeking Russian Republic to its westChechnya
29%
HOWARD'S END$400As of 2021 the once-vast empire of restaurants named for this Howard is down to a single one in Lake George, N.Y.Howard Johnson
29%
MLB MASCOTS$200Wally the Green Monster & his sister Tessiethe Boston Red Sox
29%
IT'S A TRAP!$800In Greek myth Minos used the labyrinth designed by this man to imprison him & his son Icarus; the 2 escaped, at a priceDaedalus
25%
DOWN TO "RTH"$1000In Scotland it's an inlet like Moray or of Clydefirth
25%
EYE-DEOLOGY$400Dehydration of this transparent eye part can cause vision changes; swab the lower lid to stimulate tears & hydrate itthe cornea
25%
3 LETTERS, 2 SYLLABLES$2000It's an atom with a negative or positive chargean ion
21%
HOWARD'S END$1000In 1939 it was Hodgkin's disease, not King Tut's curse, that did in this archaeologistCarter
21%
EYE-DEOLOGY$1600The lens loses clearness with this eye disease noted for a gray-white film behind the pupilcataracts
21%
EYE-DEOLOGY$1200Known by a 5-letter acronym, it's the most popular vision correction procedure performed in the United StatesLASIK
21%
AROUND THE WORLD$800This ecologically vital region also called the Selva reaches its northern limits in Colombia & Venezuelathe Amazon rainforest
21%
LIT BITS$800It's Mary Norton's 1952 children's classic about a family living under the floorboardsThe Borrowers
21%
MLB MASCOTS$600Ace, a colorful bird whose genus name is CyanocittaToronto Blue Jays
21%
MLB MASCOTS$400A fuzzy green guy named Southpaw, born on the South SideWhite Sox
21%
ANCIENT HISTORY$1200The philosopher Anaximander was credited with making an early world map & one of these time-telling devices around 560 B.C. Pa sundial
17%
3 LETTERS, 2 SYLLABLES$400The wall seen here is covered in itivy
17%
MLB MASCOTS$800Billy, who measures 44 inches from the tip of his bill to the tip of his back finMarlins
17%
3 LETTERS, 2 SYLLABLES$1200Physiologically speaking, it's plural for egg cellsova
17%
EYE-DEOLOGY$2000The eyeballs may protrude abnormally in people with Graves disease, a disorder of this glandthyroid
17%
ANCIENT HISTORY$800Ptolemy & Antigonus were generals of this man whose empire was divided up after his death in 323 B.C.Alexander the Great
13%
MARK YOUR CALENDARS$400Introduced in 1582, this calendar wasn't adopted by the Brits until 1752 & by the Russians until 1918Gregorian
13%
ANCIENT HISTORY$2000This queen of Egypt, Akhenaton's wife, was a symbol of fertility, bolstered by the 6 daughters she boreNefertiti
13%
MLB MASCOTS$1000A lime green parrot hatched in 1979Pirates
13%
IT'S A TRAP!$600The now-heavily memed Admiral Ackbar discovers, "It's a trap!" in this 1983 filmReturn of the Jedi
13%
SOMETHING BIG IS COMING!$1200555 passengers can fly comfortably aboard the A380 from this European manufacturerAirbus
8%
LIT BITS$400A 12-line poem from 1913 ends with "but only God can make a" thisa tree
8%
3 LETTERS, 2 SYLLABLES$1600Guy Picciotto & his band Rites of Spring pioneered this subgenre of alternative musicemo
8%
LIT BITS$600In the 1920s this novelist ran the University of Mississippi post office... until they made him quitFaulkner
8%
HOWARD'S END$600Some cried fowl when this Marvel comic book hero flew away in 1979, but he would returnHoward the Duck
8%
MARK YOUR CALENDARS$2000North Korea uses the Juche calendar, counting from the birthdate of this man in 1912Kim Il-sung
8%
MARK YOUR CALENDARS$1200Many of the days of the week bear the name of Germanic gods, but this one is from this name of a Roman deitySaturday
8%
SOMETHING BIG IS COMING!$800The wingspan of the royal species of this seabird of the South Pacific can reach more than 10 feetalbatross
4%
1970s MOVIE SCENESN/AWriter Dan O'Bannon based a scene in this film on his own Crohn's disease, which felt like things inside him fighting to get outAlien
4%
SOMETHING BIG IS COMING!$20002/3 of a mile long, the world's longest passenger train, the Ghan, travels 1,850 miles coast to coast across this continentAustralia
4%
ANCIENT HISTORY$1600Secretary to emperor Hadrian, Suetonius had access to the imperial archives & wrote "The 12" these rulersCaesars
4%
"MM" POP$800Lionel Richie played some sax but also "ranked" as a singer for this hit-making R&B groupCommodores
4%
"MM" POP$1600This "planet-devouring" band went straight for "The Middle" in a 2001 tuneJimmy Eat World
4%
"MM" POP$2000Till Lindemann is the frontman of this metal band that doubles the "M" of a U.S. Air Force base in GermanyRammstein
4%
MARK YOUR CALENDARS$1600Messidor was the tenth month of the calendar associated with this event at the end of the 18th centurythe French Revolution
4%
LIT BITS$1000This author, Harvard class of 1852, never exactly wore rags himself but loved the "to riches" partAlger
0%
SOMETHING BIG IS COMING!$1600The term "juggernaut" comes from a massive vehicle pulled by thousands of pilgrims to honor this avatar of VishnuJagannath (Krishna)
0%
"MM" POP$400This rap artist got his stage name due to his resemblance to a baseball home run kingMC Hammer
0%
MARK YOUR CALENDARS$800Using a biblical chronology, Archbishop James Ussher determined that this event occurred on Oct. 22, 4004 B.C.the creation of the Earth
0%
"MM" POP$1200First name of 1960s singers Roe & JamesTommy
0%

Score Distribution

Percentile by Number Answered

Percent of People with Each Score

Your Score History

You have not taken this quiz